| 000 | 01370cam a2200325 4500 | ||
|---|---|---|---|
| 008 | 090401t1996 xxu||||| |||| 00| 0 eng d | ||
| 020 | _a0117532894 | ||
| 035 | _a(Sirsi) u3894 | ||
| 041 | _aeng | ||
| 050 |
_a711.1 _c18 |
||
| 110 |
_aUnited Kingdom _bDepartment of the Environment _9982 |
||
| 245 |
_aMinerals planning guidance _bgeneral considerations and the development plan system |
||
| 250 | _aRevised ed. | ||
| 260 |
_aLondon _bHMSO _c1996 |
||
| 300 |
_a23p. _c30cm. |
||
| 350 | _a9 | ||
| 490 |
_aMPG _v1 |
||
| 520 | _aSets out government policy on minerals and planning issues, providing advice to mineral planning authorities and the minerals industry on policies. Mineral planning authorities must take its contents into account in preparing their development plans. View at www.planning.odpm.gov.uk. | ||
| 520 | _aSupersedes first edition (ISBN 0117520519). | ||
| 650 | _aMINERALS AND WASTE LOCAL PLANS | ||
| 650 | _aMINERALS LOCAL PLANS | ||
| 650 | _aMINERALS PLANNING | ||
| 650 | _aMINERALS | ||
| 650 | _aMINERALS PLANNING GUIDANCE NOTE ONE | ||
| 650 | _aUNITARY DEVELOPMENT PLANS | ||
| 690 | _aMINING AND MINERALS | ||
| 856 |
_uhttps://webarchive.nationalarchives.gov.uk/+/http://www.communities.gov.uk/index.asp?id=1144138 _zView the guidance on the webarchive.nationalarchives.gov.uk website. |
||
| 942 | _n0 | ||
| 948 | _c04/03/1997 | ||
| 999 |
_c85962 _d85962 |
||